Top 10 Strongest Armies in the World - Largest Armies - Statistics

General Stats
  • This quiz has been taken 42 times
  • The average score is 3 of 10
Answers on the Grid
Answers color-coded by a green-red scale on the quiz's grid according to % correct below.
China
Indien
Ägypten
Südkorea
Israel
Japan
Iran
Vereinigte Staaten
Vereinigtes Königreich
Australien
Polen
Frankreich
Taiwan
Russland
Ukraine
Türkei
Spanien
Italien
Vietnam
Saudi-Arabien
 
Answer Stats
Answer % Correct
China
92%
Russland
54%
Indien
42%
Vereinigte Staaten
27%
Frankreich
19%
Japan
19%
Vereinigtes Königreich
19%
Türkei
15%
Südkorea
12%
Italien
8%
No matching quizzes found
Score Distribution
Percent of People with Each Score
Percentile by Number Answered
Your Score History
You have not taken this quiz